CINEFORUM, ANNO 49-N.488 (OTTOBRE 2009) (Record n. 172303)

Dettagli MARC
000 -LEADER
fixed length control field 00832nas a2200253Ia 4500
001 - CONTROL NUMBER
control field R007/H9383
003 - CONTROL NUMBER IDENTIFIER
control field IT-RoPAU
008 - FIXED-LENGTH DATA ELEMENTS--GENERAL INFORMATION
fixed length control field 151124c99999999xx |||||||||||| ||und||
040 ## - CATALOGING SOURCE
Original cataloging agency IT-RoPAU
040 ## - CATALOGING SOURCE
Transcribing agency IT-RoPAU
041 ## - LANGUAGE CODE
Language code of text/sound track or separate title ITALIANO
100 ## - MAIN ENTRY--PERSONAL NAME
Personal name Frasca Giampiero
Miscellaneous information Codice Aut. SPICS: 54116
210 ## - ABBREVIATED TITLE
Abbreviated title CINEFORUM
222 ## - KEY TITLE
Key title Cineforum
245 ## - TITLE STATEMENT
Title CINEFORUM, ANNO 49-N.488 (OTTOBRE 2009)
Remainder of title Cosmonauta di Susanna Nicchiarelli
250 ## - EDITION STATEMENT
Edition statement 1a ed.
260 ## - PUBLICATION, DISTRIBUTION, ETC. (IMPRINT)
Place of publication, distribution, etc. BERGAMO
Name of publisher, distributor, etc. FEDERAZIONE ITALIANA CINEFORUM
Date of publication, distribution, etc. 2009
300 ## - PHYSICAL DESCRIPTION
Extent 3 p. [19-21]
362 ## - DATES OF PUBLICATION AND/OR SEQUENTIAL DESIGNATION
Dates of publication and/or sequential designation ANNO 049, N.488 (OTTOBRE 2009)
501 ## - WITH NOTE
-- Paulus - SPICS - Società San Paolo EM (non-commercial uses only)
-- Copyright2015
500 ## - GENERAL NOTE
General note Scheda, Trama e Recensione del Film. Lo Spazio e i Tempi.
650 ## - SUBJECT ADDED ENTRY--TOPICAL TERM
Topical term or geographic name as entry element CINEMA
Form subdivision PUBBLICAZIONE PERIODICA
942 ## - ADDED ENTRY ELEMENTS (KOHA)
Koha item type RIVISTA
Dati di copia
Withdrawn status Lost status Damaged status Not for loan Home library Current library Date acquired Total Checkouts Full call number Date last seen Price effective from Koha item type Public note
    Buone Condizioni Not For Loan SPICS-MEDIATECA SPICS-MEDIATECA 25/11/2015   R007/H9383 25/11/2015 25/11/2015 RIVISTA Progr. Ins: 13460 / Copia rara: NO / date import: 25.11.2015 / By Epidotti, Trombetti, Vaglietti
CREDITS: SOCIETA' SAN PAOLO Via A.Severo, 58 - ROMA (RM) & PERIODICI SAN PAOLO SRL Via Giotto, 36 MILANO & CISF Via Giotto, 36 MILANO & EDIZIONI SAN PAOLO SRL,  Piazza Soncino, 5 CINISELLO BALSAMO (MI) -- ITALY